000 00422nam a22001817a 4500
003 MPLRDC
005 20220104123301.0
008 210129b ||||| |||| 00| 0 eng d
020 _a7-5405-0024-7
082 _a848.1 GXZ
100 _a杲向真著
245 _a采撷集
_c
250 _a一版一刷
260 _a
_b新世纪出版社
_c1987
300 _b
650 _a现代别集
942 _cBK
_o848.1 GXZ
999 _c10065
_d10055